Śrīrāmacarita mānasa. (Record no. 71481)
[ view plain ]
| 000 -LEADER | |
|---|---|
| fixed length control field | 00604cam a22002291 4500 |
| 001 - CONTROL NUMBER | |
| control field | sa 66007897 |
| 003 - CONTROL NUMBER IDENTIFIER | |
| control field | DLC |
| 005 - DATE AND TIME OF LATEST TRANSACTION | |
| control field | 20260227112308.0 |
| 008 - FIXED-LENGTH DATA ELEMENTS--GENERAL INFORMATION | |
| fixed length control field | 890705s1963 ii a 000 0 inco |
| 010 ## - LIBRARY OF CONGRESS CONTROL NUMBER | |
| LC control number | sa 66007897 |
| 035 ## - SYSTEM CONTROL NUMBER | |
| System control number | (OCoLC)19965030 |
| 040 ## - CATALOGING SOURCE | |
| Original cataloging agency | DLC |
| Transcribing agency | WaU |
| Modifying agency | DLC |
| 041 0# - LANGUAGE CODE | |
| Language code of text/sound track or separate title | inchin |
| 042 ## - AUTHENTICATION CODE | |
| Authentication code | premarc |
| 050 00 - LIBRARY OF CONGRESS CALL NUMBER | |
| Classification number | PK2095.T8 |
| Item number | R3 1963 |
| 100 0# - MAIN ENTRY--PERSONAL NAME | |
| Personal name | Tulasīdāsa, |
| Dates associated with a name | 1532-1623. |
| 245 10 - TITLE STATEMENT | |
| Title | Śrīrāmacarita mānasa. |
| 260 ## - PUBLICATION, DISTRIBUTION, ETC. | |
| Date of publication, distribution, etc. | [1963/64] |
| 300 ## - PHYSICAL DESCRIPTION | |
| Extent | 1 v. (various pagings) |
| Other physical details | col. ill. |
| Dimensions | 28 cm. |
| 500 ## - GENERAL NOTE | |
| General note | Avadhi and Hindi. |
| 700 1# - ADDED ENTRY--PERSONAL NAME | |
| Personal name | Bharadwaj, Lakshman Prasad, |
| Dates associated with a name | 1912- |
No items available.